[Event "Unterfranken-ch M2 63th"]
[Site "Schweinfurt"]
[Date "2012.04.11"]
[Round "4"]
[White "Feichtner, Thorsten"]
[Black "Unkelbach, Manfred"]
[Result "0-1"]
[WhiteElo "1793"]
[BlackElo "1922"]
[PlyCount "66"]
[EventDate "2012.04.09"]
[EventType "swiss"]
[EventRounds "9"]
[EventCountry "GER"]
[SourceTitle "EXT 2015"]
[Source "ChessBase"]
[SourceDate "2014.11.20"]
[SourceVersion "1"]
[SourceVersionDate "2014.11.20"]
[SourceQuality "1"]

1. e4 c6 2. d4 d5 3. f3 e6 4. Bf4 Qb6 5. Bc1 dxe4 6. fxe4 Nf6 7. e5 Nd5 8. Nf3 c5 9. c3 cxd4 10. cxd4 Bb4+ 11. Bd2 Nc6 12. a3 Ne3 13. Qc1 Bxd2+ 14. Qxd2 Nxf1 15. Rxf1 Ne7 16. Nc3 Bd7 17. Ng5 Nf5 18. Nxf7 Rf8 19. Rxf5 Rxf7 20. Rxf7 Kxf7 21. Ne4 Rf8 22. Nd6+ Kg8 23. Qb4 Qc6 24. Qxb7 Qc2 25. Qe4 Qf2+ 26. Kd1 Qg1+ 27. Kc2 Qxa1 28. Qh4 Ba4+ 29. Kc3 Qd1 30. h3 Qc2+ 31. Kb4 a5+ 32. Kxa5 Qxb2 33. Qe4 Rb8 0-1

[Event "Unterfranken-ch M2 62th"]
[Site "Gerolzhofen"]
[Date "2011.04.30"]
[Round "9"]
[White "Link, Fabian"]
[Black "Feichtner, Thorsten"]
[Result "0-1"]
[WhiteElo "1666"]
[BlackElo "1775"]
[PlyCount "70"]
[EventDate "2011.04.25"]
[EventType "swiss"]
[EventRounds "9"]
[EventCountry "GER"]
[SourceTitle "EXT 2015"]
[Source "ChessBase"]
[SourceDate "2014.11.20"]
[SourceVersion "1"]
[SourceVersionDate "2014.11.20"]
[SourceQuality "1"]

1. c4 e5 2. Nc3 Nf6 3. g3 Bb4 4. Bg2 0-0 5. e4 c6 6. Nge2 d6 7. 0-0 Be6 8. d3 Nbd7 9. a3 Ba5 10. b3 Bc7 11. h3 Nb6 12. f4 exf4 13. Nxf4 d5 14. c5 Bxf4 15. gxf4 dxe4 16. dxe4 Qxd1 17. Rxd1 Bxb3 18. cxb6 Bxd1 19. Nxd1 axb6 20. a4 b5 21. a5 Ra6 22. Ne3 Rd8 23. e5 Nh5 24. Nf5 Rd1+ 25. Kh2 Nxf4 26. Ne3 Re1 27. Be4 Ne2 28. Bb2 Rxa1 29. Bxa1 Rxa5 30. Bb2 Ra2 31. Nd1 Nc3 32. Nxc3 Rxb2+ 33. Bg2 Kf8 34. Ne4 b4 35. Nc5 b3 0-1

[Event "Unterfranken-ch M2 62th"]
[Site "Gerolzhofen"]
[Date "2011.04.29"]
[Round "8"]
[White "Feichtner, Thorsten"]
[Black "Reitz, Helmut"]
[Result "0-1"]
[WhiteElo "1775"]
[BlackElo "1850"]
[PlyCount "24"]
[EventDate "2011.04.25"]
[EventType "swiss"]
[EventRounds "9"]
[EventCountry "GER"]
[SourceTitle "EXT 2015"]
[Source "ChessBase"]
[SourceDate "2014.11.20"]
[SourceVersion "1"]
[SourceVersionDate "2014.11.20"]
[SourceQuality "1"]

1. e4 e5 2. Nf3 d6 3. d4 Bg4 4. Bc4 Nc6 5. Bxf7+ Kxf7 6. Ng5+ Qxg5 7. Bxg5 Bxd1 8. Kxd1 Nxd4 9. Nc3 Nf6 10. Rf1 Be7 11. f4 exf4 12. Bxf4 Rhe8 0-1

[Event "Unterfranken-ch M2 62th"]
[Site "Gerolzhofen"]
[Date "2011.04.29"]
[Round "7"]
[White "Markert, Markus"]
[Black "Feichtner, Thorsten"]
[Result "1-0"]
[WhiteElo "1872"]
[BlackElo "1775"]
[PlyCount "107"]
[EventDate "2011.04.25"]
[EventType "swiss"]
[EventRounds "9"]
[EventCountry "GER"]
[SourceTitle "EXT 2015"]
[Source "ChessBase"]
[SourceDate "2014.11.20"]
[SourceVersion "1"]
[SourceVersionDate "2014.11.20"]
[SourceQuality "1"]

1. e4 e5 2. d4 exd4 3. Nf3 Nc6 4. Bc4 Nf6 5. Qd3 Be7 6. Nxd4 Ne5 7. Qe2 Nxc4 8. Qxc4 Nxe4 9. Nb5 Nc5 10. Be3 d5 11. Qc3 Ne6 12. Nd4 0-0 13. 0-0 b6 14. Nc6 Qd6 15. Nxe7+ Qxe7 16. Qc6 Ba6 17. Re1 Qb4 18. Nd2 d4 19. c3 Qxb2 20. cxd4 Nxd4 21. Qa4 Ne2+ 22. Kh1 Bb5 23. Qg4 f5 24. Qg5 Qf6 25. Qxf6 Rxf6 26. Nf3 f4 27. Bd2 Rd8 28. a4 Ba6 29. a5 Bc4 30. Ra4 b5 31. Rxc4 bxc4 32. Rxe2 c3 33. Bxc3 Rc6 34. Be1 Rd1 35. h4 Rh6 36. Kh2 g5 37. Kh3 Rd3 38. Kg4 gxh4 39. Nxh4 f3 40. Nxf3 Rg6+ 41. Kh3 Kf7 42. Kh2 Rh6+ 43. Kg1 Rd1 44. g3 Rh5 45. Kg2 c5 46. Rb2 Ke6 47. Bd2 Rd5 48. Be3 c4 49. Bxa7 Rxa5 50. Be3 Rd7 51. Re2 Kf5 52. Bd2 Rb5 53. Bc3 Rd3 54. Nd4+ 1-0

[Event "Unterfranken-ch M2 61th"]
[Site "Kitzingen"]
[Date "2010.04.10"]
[Round "9"]
[White "Hauck, Juergen"]
[Black "Feichtner, Thorsten"]
[Result "1-0"]
[WhiteElo "1547"]
[BlackElo "1724"]
[PlyCount "61"]
[EventDate "2010.04.05"]
[EventType "swiss"]
[EventRounds "9"]
[EventCountry "GER"]
[SourceTitle "EXT 2015"]
[Source "ChessBase"]
[SourceDate "2014.11.20"]
[SourceVersion "1"]
[SourceVersionDate "2014.11.20"]
[SourceQuality "1"]

1. e4 e5 2. Nf3 Nc6 3. Bb5 a6 4. Ba4 Nf6 5. 0-0 Be7 6. Re1 b5 7. Bb3 0-0 8. c3 Na5 9. Bc2 d6 10. h3 c5 11. d4 Qc7 12. Nbd2 Bd7 13. Nf1 cxd4 14. cxd4 Rac8 15. Bb1 exd4 16. Nxd4 Nc6 17. Be3 Qb7 18. Ng3 Rfe8 19. Ndf5 Bxf5 20. Nxf5 Bf8 21. Bg5 Re6 22. Kh2 Rce8 23. Bxf6 Rxf6 24. f3 Qc7 25. Kh1 Re5 26. Ne3 Rh6 27. Ng4 g6 28. Bd3 Qc8 29. Rc1 Rxh3+ 30. gxh3 h5 31. Rxc6 1-0

[Event "Unterfranken-ch M2 61th"]
[Site "Kitzingen"]
[Date "2010.04.06"]
[Round "3"]
[White "Hassler, Guenther"]
[Black "Feichtner, Thorsten"]
[Result "1/2-1/2"]
[WhiteElo "1740"]
[BlackElo "1724"]
[PlyCount "53"]
[EventDate "2010.04.05"]
[EventType "swiss"]
[EventRounds "9"]
[EventCountry "GER"]
[SourceTitle "EXT 2015"]
[Source "ChessBase"]
[SourceDate "2014.11.20"]
[SourceVersion "1"]
[SourceVersionDate "2014.11.20"]
[SourceQuality "1"]

1. e4 e5 2. Nf3 Nc6 3. Bc4 Nf6 4. Ng5 d5 5. exd5 Na5 6. Bb5+ c6 7. Be2 cxd5 8. d4 e4 9. h4 Bd6 10. c3 Qc7 11. Be3 h5 12. Nd2 Ng4 13. Nf1 Bd7 14. g3 Nc4 15. Bxc4 Qxc4 16. Qe2 Qxe2+ 17. Kxe2 Bb5+ 18. Kd2 0-0 19. Nh3 a5 20. Bg5 f6 21. Be3 a4 22. Bf4 Bxf4+ 23. Nxf4 Nxf2 24. Rh2 Ng4 25. Rg2 Bc6 26. Nxh5 Rae8 27. Ne3 1/2-1/2